[Event "Hamburg HSK GM"]
[Site "Hamburg"]
[Date "2022.05.25"]
[Round "7"]
[White "Woelk, Tom Frederic"]
[Black "Mendonca, Leon Luke"]
[Result "0-1"]
[WhiteElo "2315"]
[BlackElo "2551"]
[PlyCount "116"]
[EventDate "2022.05.20"]
[EventType "tourn"]
[EventRounds "9"]
[EventCountry "GER"]
[EventCategory "8"]
[SourceTitle "CBM 208 Extra"]
[Source "ChessBase"]
[SourceDate "2022.07.31"]
[SourceVersion "1"]
[SourceVersionDate "2022.07.31"]
[SourceQuality "1"]

1. e4 c6 2. d4 d5 3. e5 Bf5 4. h4 h5 5. Bd3 Bxd3 6. Qxd3 e6 7. Bg5 Qb6 8. Nd2 c5 9. c4 Qxb2 10. Rd1 Nc6 11. Ngf3 Nb4 12. Qe2 cxd4 13. 0-0 d3 14. Qe3 Qa3 15. Nd4 Nc2 16. Qf4 Nxd4 17. Qxd4 Bc5 18. Qf4 Ne7 19. Qf3 Bb4 20. Bxe7 Bxe7 21. cxd5 exd5 22. Nb3 Qb4 23. Qxd3 Qc4 24. Qb1 Qe4 25. Qc1 0-0 26. Qc7 Bd8 27. Qxb7 Bb6 28. Qxd5 Qxh4 29. Nc5 Rad8 30. Nd7 Rfe8 31. Qb5 Bd4 32. Rd3 Re7 33. e6 Rxe6 34. Qd5 Bb6 35. Qf3 Bc7 36. g3 Qe7 37. Rfd1 Rd6 38. Nc5 Rxd3 39. Nxd3 g6 40. Nf4 Rxd1+ 41. Qxd1 Qe4 42. Nd5 Be5 43. Qd2 Qd4 44. Qxd4 Bxd4 45. Kg2 f6 46. f4 Kf7 47. f5 g5 48. Nc7 Be5 49. Ne6 a5 50. a4 g4 51. Kf2 Kg8 52. Kg2 Kh7 53. Nc5 Kh6 54. Ne4 h4 55. gxh4 Kh5 56. Ng3+ Kxh4 57. Ne4 g3 58. Kf3 Kh3 0-1

[Event "Hamburg HSK GM"]
[Site "Hamburg"]
[Date "2022.05.22"]
[Round "3"]
[White "Kotronias, Vasilios"]
[Black "Woelk, Tom Frederic"]
[Result "1-0"]
[WhiteElo "2465"]
[BlackElo "2315"]
[PlyCount "79"]
[EventDate "2022.05.20"]
[EventType "tourn"]
[EventRounds "9"]
[EventCountry "GER"]
[EventCategory "8"]
[SourceTitle "CBM 208 Extra"]
[Source "ChessBase"]
[SourceDate "2022.07.31"]
[SourceVersion "1"]
[SourceVersionDate "2022.07.31"]
[SourceQuality "1"]

1. e4 c5 2. Nf3 e6 3. d4 cxd4 4. Nxd4 Nc6 5. Nc3 Qc7 6. Be3 a6 7. g4 b5 8. Nxc6 Qxc6 9. Qd2 b4 10. Ne2 Qxe4 11. Rg1 Qc4 12. Ng3 Qc7 13. 0-0-0 Nf6 14. Bf4 Qb6 15. Be5 Bc5 16. Qg5 Rg8 17. Bxf6 Bxf2 18. Nf5 exf5 19. Bd4 Bxd4 20. Re1+ Qe6 21. Bc4 Bxg1 22. Bxe6 dxe6 23. Rxg1 fxg4 24. Rxg4 a5 25. Qb5+ Bd7 26. Qb7 Ke7 27. Rd4 Rad8 28. Qc7 f5 29. Qxa5 Rge8 30. Qxb4+ Kf7 31. Qb7 Re7 32. Qc7 Rc8 33. Qe5 g5 34. a4 h5 35. a5 Ra8 36. h4 g4 37. b4 Rg8 38. Rd3 Bc6 39. b5 Be4 40. Rc3 1-0

[Event "Hamburg HSK GM"]
[Site "Hamburg"]
[Date "2022.05.21"]
[Round "2"]
[White "Woelk, Tom Frederic"]
[Black "Svane, Frederik"]
[Result "1/2-1/2"]
[WhiteElo "2315"]
[BlackElo "2501"]
[PlyCount "49"]
[EventDate "2022.05.20"]
[EventType "tourn"]
[EventRounds "9"]
[EventCountry "GER"]
[EventCategory "8"]
[SourceTitle "CBM 208 Extra"]
[Source "ChessBase"]
[SourceDate "2022.07.31"]
[SourceVersion "1"]
[SourceVersionDate "2022.07.31"]
[SourceQuality "1"]

1. d4 Nf6 2. c4 e6 3. Nc3 Bb4 4. f3 c5 5. d5 b5 6. e4 d6 7. Nge2 bxc4 8. Nf4 g5 9. Nfe2 exd5 10. exd5 Qe7 11. Bxg5 Bxc3+ 12. bxc3 Nbd7 13. Qa4 Rb8 14. Rd1 0-0 15. Qxc4 Re8 16. Rd2 Rb1+ 17. Kf2 Ba6 18. Qxa6 Ng4+ 19. fxg4 Qxg5 20. Qd3 Ne5 21. Qxb1 Qxd2 22. h3 Nd3+ 23. Kg1 Rxe2 24. Bxe2 Qe3+ 25. Kh2 1/2-1/2

[Event "BL2-Nord 2122"]
[Site "Germany"]
[Date "2022.05.14"]
[Round "5.7"]
[White "Schoene, Maria"]
[Black "Woelk, Tom Frederic"]
[Result "0-1"]
[WhiteElo "2222"]
[BlackElo "2315"]
[PlyCount "66"]
[EventDate "2022.03.05"]
[EventType "team-tourn"]
[EventRounds "10"]
[EventCountry "GER"]
[SourceTitle "EXT 2023"]
[Source "ChessBase"]
[SourceDate "2022.10.05"]
[SourceVersion "1"]
[SourceVersionDate "2022.10.05"]
[SourceQuality "1"]
[WhiteTeam "Magdeburg"]
[BlackTeam "Hamburger SK II"]
[WhiteTeamCountry "GER"]
[BlackTeamCountry "GER"]

1. e4 c5 2. Nf3 e6 3. d4 cxd4 4. Nxd4 Nc6 5. Nc3 Qc7 6. Be2 a6 7. Be3 b5 8. Nxc6 Qxc6 9. Bf3 Bb7 10. 0-0 Ne7 11. Re1 Ng6 12. Qd4 Qc7 13. Rad1 Ne5 14. Bh5 g6 15. f4 Bg7 16. fxe5 Bxe5 17. Qd2 gxh5 18. Bd4 Bxh2+ 19. Kh1 Bf4 20. Qe2 Be5 21. Qxh5 Bxd4 22. Rxd4 Qg3 23. Rf1 Qg6 24. Qh4 Rg8 25. Rd2 b4 26. Nd5 exd5 27. exd5 Bxd5 28. Re1+ Be6 29. Qxb4 Qg3 30. Qe4 Rd8 31. Re3 Qg6 32. Qh4 Qg5 33. Qxh7 Qxe3 0-1

[Event "GER-CupT 2122 prel1"]
[Site "Halle"]
[Date "2022.03.26"]
[Round "1.2"]
[White "Dauth, Benjamin"]
[Black "Woelk, Tom Frederic"]
[Result "0-1"]
[WhiteElo "2285"]
[BlackElo "2348"]
[PlyCount "98"]
[EventDate "2022.03.26"]
[EventType "team-k.o."]
[EventRounds "2"]
[EventCountry "GER"]
[SourceTitle "EXT 2023"]
[Source "ChessBase"]
[SourceDate "2022.10.05"]
[SourceVersion "1"]
[SourceVersionDate "2022.10.05"]
[SourceQuality "1"]
[WhiteTeam "Pankow Rotation"]
[BlackTeam "Hamburger SK"]
[WhiteTeamCountry "GER"]
[BlackTeamCountry "GER"]

1. e4 c5 2. c3 Nf6 3. e5 Nd5 4. d4 cxd4 5. cxd4 e6 6. Nc3 Nxc3 7. bxc3 Qc7 8. Bd2 d6 9. f4 Be7 10. Nf3 0-0 11. Bd3 b6 12. 0-0 Ba6 13. Bxa6 Nxa6 14. Qe1 Qc4 15. Qg3 Qd3 16. Rae1 dxe5 17. fxe5 Nc7 18. Re3 Qg6 19. Qe1 Nd5 20. Re4 Rac8 21. h3 h5 22. Kh2 Rc7 23. g4 Nxc3 24. Bxc3 Rxc3 25. Qxc3 Qxe4 26. gxh5 Qe2+ 27. Kg1 Qxa2 28. Rf2 Qb1+ 29. Kh2 Qf5 30. Qc7 Bh4 31. Rf1 Qf4+ 32. Kh1 Qg3 33. Ng1 Bg5 34. Rf3 Qe1 35. Qc3 Qxc3 36. Rxc3 Rb8 37. Nf3 Bd8 38. Kg2 b5 39. Rd3 a5 40. Kf2 b4 41. Nd2 a4 42. Ke2 Bg5 43. d5 b3 44. Nb1 exd5 45. Rxd5 Be7 46. Rd7 a3 47. Ra7 a2 48. Nc3 Bc5 49. Ra4 Bd4 0-1

[Event "Cattolica Primavera op"]
[Site "Cattolica"]
[Date "2022.03.17"]
[Round "2"]
[White "Woelk, Tom Frederic"]
[Black "Dvirnyy, Danyyil"]
[Result "0-1"]
[WhiteElo "2348"]
[BlackElo "2496"]
[PlyCount "64"]
[EventDate "2022.03.16"]
[EventType "swiss"]
[EventRounds "9"]
[EventCountry "ITA"]
[SourceTitle "CBM 207 Extra"]
[Source "ChessBase"]
[SourceDate "2022.05.31"]
[SourceVersion "1"]
[SourceVersionDate "2022.05.31"]
[SourceQuality "1"]

1. d4 d5 2. c4 e6 3. Nc3 c5 4. cxd5 cxd4 5. Qa4+ Bd7 6. Qxd4 exd5 7. Qxd5 Nf6 8. Qd1 Bc5 9. Nf3 0-0 10. e3 Qe7 11. Be2 Rd8 12. 0-0 Nc6 13. a3 Rac8 14. b4 Bd6 15. Bb2 Ne5 16. Qe1 Nfg4 17. g3 Nxf3+ 18. Bxf3 Ne5 19. Qe2 Rxc3 20. Bxc3 Bb5 21. Qxb5 Nxf3+ 22. Kh1 Qe4 23. Qh5 Bf8 24. Qh3 g5 25. g4 Rd6 26. Kg2 Ne1+ 27. Kg1 Rh6 28. Qg3 Nf3+ 29. Kg2 Bd6 30. Rad1 Rxh2+ 31. Qxh2 Nxh2+ 32. f3 Qc2+ 0-1